Nerostopis pro vyšší třídy středních škol /

Hlavní autor: Šafránek, František, 1847-1905
Jazyk: Čeština
Vydáno: Praha : Tempský, 1882
Témata:
Fyzický popis: 141 s.
Knihy
Uloženo v:
LEADER 00670nam a22002172a 4500
001 000800907
003 CZ BrMZK
005 20051208065657.0
007 ta
008 051208s1882 xr er|||||||||||cze d
015 |a cnb001867827 
040 |a BOA001  |b cze 
100 1 |a Šafránek, František,  |d 1847-1905  |7 jk01122378  |4 aut 
245 1 0 |a Nerostopis pro vyšší třídy středních škol /  |c František Šafránek 
260 |a Praha :  |b Tempský,  |c 1882 
300 |a 141 s. 
910 |a BOA001  |b PK-II-0006.847 
964 |a Bohemika - stol. 19. 
990 |a BK 
993 |a Y 
996 6 |b BC-250369  |c PK-II-0006.847  |l MZK  |r Sklad / do 1 hodiny  |n 0  |w 000800907  |u 000010  |a 1  |e BOA001  |j MZK50  |s P